书目信息 |
| 题名: |
人力资源管理
|
|
| 作者: | 德斯勒 著 ;刘昕 , 吴雯芳 译 | |
| 分册: | ||
| 出版信息: | 北京 中国人民大学出版社 1999 |
|
| 页数: | 703页 | |
| 开本: | 26cm | |
| 丛书名: | 工商管理经典译丛 | |
| 单 册: | ||
| 中图分类: | F240 | |
| 科图分类: | ||
| 主题词: | 劳动经济--经济理论 | |
| 电子资源: | ||
| ISBN: | 7-300-02520-X | |
| 000 | 00748nam2 2200253 45 | |
| 001 | 0211251649 | |
| 005 | 20041210092021.7 | |
| 010 | @a7-300-02520-X@dCNY58.00 | |
| 100 | @a20021125d1999 km y0chiy0120 ea | |
| 101 | 0 | @achi@ceng |
| 105 | @a z 000yy | |
| 200 | 1 | @a人力资源管理@ARen Li Zi Yuan Guan Li@f(美)加里·德斯勒著@F(Mei)Jia Li·De Si Le Zhu@g刘昕,吴雯芳等译 |
| 205 | @a6版 | |
| 210 | @a北京@c中国人民大学出版社@d1999 | |
| 215 | @a703页@d26cm | |
| 225 | @a工商管理经典译丛 | |
| 410 | @12001 @a工商管理经典译丛 | |
| 606 | 0 | @a劳动经济@x经济理论 |
| 690 | @aF240@v4 | |
| 701 | @a德斯勒@4著 | |
| 702 | 0 | @a刘昕@ALiu Xin@4译 |
| 702 | 0 | @a吴雯芳@AWu Wen Fang@4译 |
| 801 | @aCN@bTSTC@c20021125 | |
| 905 | @b318448-452@dF240@e25=6@f5 | |
| 人力资源管理/(美)加里·德斯勒著/刘昕,吴雯芳等译.-6版.-北京:中国人民大学出版社,1999 |
| 703页;26cm.-(工商管理经典译丛) |
| ISBN 7-300-02520-X:CNY58.00 |
| ● |
| 相关链接 |
|
|
|
|
正题名:人力资源管理
索取号:F240/25=6
 
预约/预借
| 序号 | 登录号 | 条形码 | 馆藏地/架位号 | 状态 | 备注 |
| 1 | 0318448 | 203184482 | 第一借阅区/ [索取号:F240/25=6] | 在馆 | |
| 2 | 0318449 | 203184491 | 第一借阅区/ [索取号:F240/25=6] | 在馆 | |
| 3 | 0318450 | 203184507 | 第一借阅区/ [索取号:F240/25=6] | 在馆 | |
| 4 | 0318451 | 203184516 | 第一借阅区/ [索取号:F240/25=6] | 在馆 | |
| 5 | 0318452 | 203184525 | 第一样本阅览室/ [索取号:F240/25=6] | 在馆 |